000 00423nam a2200181Ia 4500
001 14358
005 20260306164908.0
008 260306t1999||||xx |||||||||||||| ||spa||
041 _aESP
082 _a512.5
_bG82 1999
100 _aGrossman, Stanley I.
_eAUT
245 0 _aÁlgebra lineal
260 _c1999
300 _a634 páginas : A119
_c24 cm.
650 _aGEN
654 _aCMA
942 _cLIB
_dJUS
_fJUS
_2ddc
_n
999 _c14358
_d14358